Hunderassen erkennen: "Wachhunde und co" - Statistiken

Allgemein
  • Dieses Quiz wurde 91 mal gespielt
  • Das Durchschnittsergebnis liegt bei 12 aus 53
Antwortstatistiken
Bildquiz Antwort % Korrekt
Rottweiler
98%
Deutscher Boxer
60%
Dobermann
60%
Berner Sennenhund
59%
Deutsche Dogge
59%
Shar Pei
57%
Neufundländer
55%
Bernhardiner
52%
Hovawart
50%
Zwergpinscher
48%
Affenpinscher
43%
Appenzeller Sennenhund
41%
Leonberger
41%
Riesenschnauzer
41%
Bulldog
40%
Zwergschnauzer
36%
Mastiff
34%
Argentinische Dogge
33%
Entlebucher Sennenhund
33%
Bordeauxdogge
29%
Schnauzer
29%
Großer Schweizer Sennenhund
28%
Deutscher Pinscher
26%
Landseer
24%
Broholmer
19%
Kangal-Hirtenhund
17%
Bullmastiff
16%
Do Khyi
14%
Österreichischer Pinscher
10%
Dänisch-schwedischer Farmhund
7%
Fila Brasileiro
5%
Italienischer Corso-Hund
5%
Kaukasischer Schäferhund
5%
Mastino Napoletano
5%
Presa Canario
5%
Pyrenäen-Berghund
5%
Tosa
5%
Castro-Laboreiro-Hund
3%
Russischer schwarzer Terrier
3%
Atlas-Berghund
2%
Jugoslawischer Hirtenhund - Sarplaninac
2%
Rumänischer Bukowina-Schäferhund
2%
Serra-da-estrela-Berghund
2%
Spanischer Mastiff
2%
Tornjak
2%
Cao fila de sao miguel
0%
Holländischer Smoushund
0%
Karst-Schäferhund
0%
Mallorca-Dogge
0%
Mittelasiatischer Schäferhund
0%
Pyrenäen-Mastiff
0%
Rafeiro von Alentejo
0%
Uruguayischer Cimarron
0%
Keine übereinstimmenden Quizze gefunden
Verteilung der Resultate
Anzahl Personen mit jedem Resultat
Perzentil nach korrekt beantworteten Fragen
Ihre Resultats-Entwicklung
Sie haben dieses Quiz noch nicht gespielt